Normale Ansicht MARC-Ansicht ISBD

Prinz von Preußen will Rechtsstreit beenden. (Titelsatznr. 372291)

[ MARC ]
MARC-Details
000 -Satzkennung
Kontrollfeld mit fester Länge 00765nab a2200193 4500
001 - Kontrollnummer
Kontrollfeld 90031
003 - Kontrollnummer Identifier
Kontrollfeld OSt
005 - Datum und Zeit der letzten Transaktion
Kontrollfeld 20230317090947.0
007 - Feld mit fester Länge zur physischen Beschreibung - Allgemeine Information
Kontrollfeld mit fester Länge tu
008 - Feld mit fester Länge zur physischen Beschreibung - Allgemeine Angaben
Kontrollfeld mit fester Länge 110905s2000|||||||
040 ## - Katalogisierungsquelle
Original-Katalogisierungsstelle DE-2950
Übertragungsstelle DE-2950
245 00 - Titel
Titel Prinz von Preußen will Rechtsstreit beenden.
Zusatz zum Titel Ankündigung. Überraschende Wendung im Streit um Entschädigungszahlungen und Kunstgegenstände mit den Hohenzollern. Der Chef des ehemaligen Herrscherhauses verzichtet - und bezieht deutlich Stellung zu seinem Urgroßvater /
Verfasserangabe etc. Ulrich Thiessen
264 ## - Produktion, Veröffentlichung, Distribution, Herstellung und Urheberrechtsvermerk
Datum der Herstellung, der Veröffentlichung, des Vertriebs oder des Urheberschutzvermerks 2023
653 ## - Indexierungsterm - Nicht normiert
Nicht-normierter Term Georg Friedrich Prinz von Preußen
653 ## - Indexierungsterm - Nicht normiert
Nicht-normierter Term Hohenzollern
653 ## - Indexierungsterm - Nicht normiert
Nicht-normierter Term Entschädigungszahlung
773 0# - Übergeordnete Einheit
Verknüpfungsangaben 34. Jahrgang (2023) Nr. 58, 09.03.2023, Seite 9: mit Foto
Titel Märkische Oderzeitung
942 ## - Zusätzliche Felder (Koha)
Klassifikation oder Aufstellungssystematik Andere/Generische Klassifikation
Koha-Medientyp Aufsätze
Exemplare
Ausgeschieden Verloren Klassifikation oder Aufstellungssystematik Beschädigt Nicht entleihbar Heimatbibliothek Aufenthaltsbibliothek Aufstellungsort Erwerbungsdatum Anzahl Ausleihen Signatur Letzte Aktivität Preis gültig von Koha-Medientyp
    Andere/Generische Klassifikation     Stadtarchiv Frankfurt (Oder) | Archivbibliothek Stadtarchiv Frankfurt (Oder) | Archivbibliothek Magazin 17/03/2023   Z2 17/03/2023 17/03/2023 Aufsätze